Statistics for City Rivalries between 2 Largest Cities of Subdivision

Click here to take the quiz!

General Stats

  • This quiz has been taken 48 times
  • The average score is 50 of 106

Answer Stats

CountrySubdivisionPopulationCity% Correct
CanadaAlberta1,150,000*Edmonton
95%
CanadaAlberta1,326,000Calgary
93%
United StatesTexas6,830,000Dallas/Fort Worth
90%
ChinaGuangdong20,902,000*Guangzhou/Foshan
90%
United StatesTexas6,406,000Houston
90%
United StatesNorth Carolina2,075,000Charlotte
88%
United StatesOhio1,693,000Cincinnati
88%
United StatesOhio2,774,000Cleveland
88%
FranceProvence-Alpes-Côte d'Azur1,330,000*Marseille
88%
United StatesTennessee1,078,000Memphis
88%
United StatesTennessee1,157,000*Nashville
88%
United StatesOklahoma978,000*Oklahoma City
88%
United StatesMissouri2,247,000St Louis
88%
United StatesMissouri1,722,000Kansas City
85%
United StatesLouisiana963,000New Orleans
85%
FranceProvence-Alpes-Côte d'Azur955,000Nice
83%
ItalySicily725,000*Palermo
83%
United StatesVirginia1,074,000*Richmond
83%
SpainAndalusia1,039,000*Seville
83%
United StatesVirginia1,488,000Virginia Beach/Norfolk
83%
United Arab EmiratesAbu Dhabi1,270,000*Abu Dhabi
80%
United StatesLouisiana700,000*Baton Rouge
80%
MoroccoFès-Meknès1,200,000*Fes
80%
ChinaGuangdong15,929,000Shenzhen
80%
United StatesNorth Carolina1,493,000*Raleigh
78%
JapanFukuoka2,128,000*Fukuoka
76%
United StatesSouth Carolina670,000Charleston
73%
UkraineDnipropetrovsk925,000*Dnipro
73%
United StatesOklahoma740,000Tulsa
73%
United StatesSouth Carolina675,000*Columbia
71%
SpainCanary Islands540,000*Santa Cruz de Tenerife
66%
ChinaFujian4,773,000Xiamen
66%
MexicoChihuahua978,000*Chihuahua
63%
SpainAndalusia720,000Malaga
63%
IndiaGujarat7,410,000Ahmedabad
61%
ItalySicily725,000Catania
61%
MexicoChihuahua1,448,000Ciudad Juarez
61%
GermanySaxony765,000*Dresden
61%
SpainCanary Islands670,000*Las Palmas
61%
RussiaSamara976,000*Samara
61%
MoroccoFès-Meknès700,000Meknes
59%
ChinaLiaoning7,105,000*Shenyang/Fushun
59%
IndiaGujarat5,807,000Surat
59%
MexicoVeracruz825,000Veracruz
56%
ChinaLiaoning3,776,000Dalian
54%
GermanySaxony625,000Leipzig
54%
IndiaUttar Pradesh4,577,000*Lucknow
54%
ChinaJiangsu7,496,000*Nanjing
51%
ChinaZhejiang6,446,000*Hangzhou
49%
RussiaKemerovo550,000*Kemerovo
46%
ChinaShandong4,026,000*Jinan
44%
ChinaShandong5,911,000Qingdao
44%
IndiaUttar Pradesh3,811,000Kanpur
41%
ChinaJiangsu4,979,000Suzhou
41%
IndiaPunjab1,264,000Amritsar
39%
ChinaInner Mongolia2,087,000*Hohhot
39%
ChinaZhejiang3,649,000Ningbo
39%
NigeriaEnugu1,126,000*Enugu
37%
JapanFukuoka1,760,000Kitakyushu
37%
IndonesiaCentral Java1,992,000*Semarang
37%
ChinaHebei3,706,000*Shijiazhuang
37%
IndiaMadhya Pradesh2,219,000*Bhopal
34%
IndiaMadhya Pradesh3,243,000Indore
34%
ChinaFujian6,345,000Quanzhou
34%
ChinaInner Mongolia2,248,000Baotou
32%
IndiaChhattisgarh1,154,000Durg/Bhilai
32%
IndiaKerala2,060,000Kochi
32%
JapanShizuoka955,000Hamamatsu
29%
IndiaJammu and Kashmir715,000*Jammu
29%
IndiaJammu and Kashmir1,080,000*Srinagar
29%
IndiaAndhra Pradesh2,094,000Visakhapatnam
29%
BrazilSanta Catarina695,000*Florianopolis
27%
United Arab EmiratesAbu Dhabi1,185,000Al Ain
24%
DR CongoNord-Kivu1,122,000*Goma
24%
IndiaPunjab1,770,000Ludhiana
24%
IndiaJharkhand1,754,000*Ranchi
24%
IndonesiaCentral Java1,106,000Surakarta
24%
RussiaSamara685,000Tolyatti
24%
JapanShizuoka755,000Fuji
22%
UkraineDnipropetrovsk655,000Kryvyi Rih
22%
MexicoCoahuila1,151,000Torreon
22%
IndonesiaEast Kalimantan645,000Balikpapan
20%
IndiaOdisha1,116,000*Bhubaneswar
20%
ZambiaCopperbelt679,000Kitwe
20%
IndiaChhattisgarh1,519,000*Raipur
20%
IndiaKerala2,141,000*Thiruvananthapuram
20%
IndiaAndhra Pradesh1,498,000Vijayawada
20%
BrazilSanta Catarina745,000Blumenau
17%
IndiaJharkhand1,910,000Jamshedpur
17%
ZambiaCopperbelt555,000*Ndola
17%
MexicoCoahuila815,000*Saltillo
17%
ChinaHebei2,000,000Handan
15%
IndonesiaEast Kalimantan960,000*Samarinda
15%
MexicoVeracruz540,000*Xalapa
15%
IndiaOdisha750,000Cuttack
12%
RussiaKemerovo540,000Novokuznetsk
12%
NigeriaEnugu1,690,000Nsukka
12%
IndonesiaBanten585,000*Serang
12%
PhilippinesWestern Visayas590,000Bacolod
10%
PhilippinesWestern Visayas535,000*Iloilo City
10%
MexicoTamaulipas560,000Tampico
10%
EgyptGharbia540,000El-Mahalla El-Kubra
7%
MexicoTamaulipas650,000Reynosa
7%
EgyptGharbia505,000*Tanta
7%
DR CongoNord-Kivu799,000Butembo
5%
IndonesiaBanten525,000Cliegon
5%

Score Distribution

Percentile by Number Answered

Percent of People with Each Score

Your Score History

You have not taken this quiz